| 000 | 00495nam a22001577a 4500 | ||
|---|---|---|---|
| 999 |
_c9209 _d9209 |
||
| 008 | 210329b ||||| |||| 00| 0 eng d | ||
| 040 | _aBMS College of Architecture | ||
| 100 | _aMohammed, Aharifa | ||
| 245 | _aParagon- Shopping mall cum multiplex at Bangalore | ||
| 300 | _aNA | ||
| 500 | _a1BM03AT026 | ||
| 502 |
_8B.Arch _NBMS College of Architecture, Visvesvaraya Technological University _aProject report _d2007 |
||
| 650 | _aMultiplex mall | ||
| 700 |
_aVaseem _eGuide |
||
| 942 |
_2ddc _cTHE |
||